| 000 | 00798nam a2200217 a 4500 | ||
|---|---|---|---|
| 001 | 1808251 | ||
| 003 | AM-YEHGA | ||
| 005 | 20260112151943.0 | ||
| 008 | 211207s1940 le d|||gr|||| 00||||arm|d | ||
| 040 | _aAM-YEHGA | ||
| 041 | 0 | _aarm | |
| 245 | 0 | 0 | _aՊատգամ. |
| 260 |
_aՊէյրութ - Լիբանան : _bտպ. Նշան, _c1940. |
||
| 300 |
_aգիրք ; _c20 սմ. |
||
| 500 | _aՇարվ.՝ 17x11,2 սմ : | ||
| 500 | _aՆկարագրված օրինակը տիտղթ. չունի : Նկարագրությունը կատարված է շապկից : | ||
| 500 | _aՇապիկը՝ գծափակ : | ||
| 505 | 1 | 0 |
_gԳ. Ա (1940, 38 էջ) _tԱստուածաշունչը Աստուծոյ խօսքն է |
| 650 | 1 | 4 |
_aՔրիստոնեություն _xՀոգևոր խրատներ |
| 942 |
_2udc _cBK |
||
| 999 |
_c533273 _d533273 |
||